| 000 | 00556nam a2200229Ia 4500 | ||
|---|---|---|---|
| 003 | OSt | ||
| 005 | 20221005122130.0 | ||
| 006 | a|||||r|||| 00| 0 | ||
| 007 | ta | ||
| 008 | 221004b |||||||| |||| 00| 0 eng d | ||
| 024 | _a16054 | ||
| 037 | _cTextual | ||
| 040 |
_aCRL _cCRL _beng |
||
| 041 |
_2eng _aeng |
||
| 082 | _aX65.1.N5, J4 | ||
| 100 | _aPalvia C. M. | ||
| 245 | 0 | _aInternational capital movements | |
| 260 | _c1954 | ||
| 650 | _aECONOMICS | ||
| 942 |
_hX65.1.N5, J4 _cTEXL _2cc |
||
| 999 |
_c1043346 _d1043346 |
||